=LDR 00000nam 2200000 4500 =001 INLIS000000000039875 =005 20130612145457 =008 ***********************************ind** =035 ##$$0010-061300000039875 =041 ##$$a ind =082 ##$$a 007.9 =090 ##$$a 007.9, Roo s =100 ##$$a Rooney, Anne =245 ##$$a 1001 Fakta yang Aneh =850 ##$$a NBPNMAT